Teoretický pohľad na kalkuláciu rizikovej prémie trhu
Tvorba optimálnej kapitálovej štruktúry patrí medzi strategické rozhodnutia každej firmy. Najdôležitejším kritériom vplývajúcim na tento proces sú náklady na jednotlivé druhy kapitálu – náklady vlastného a náklady cudzieho kapitálu. Teoretické priblíženie problematiky nákladov vlastného kapitálu a i...
Saved in:
| Main Author: | |
|---|---|
| Format: | Book Chapter |
| Language: | Slovak |
| Subjects: | |
| Tags: |
No Tags, Be the first to tag this record!
|
MARC
| LEADER | 00000nla a2200000 4500 | ||
|---|---|---|---|
| 001 | 0182195 | ||
| 005 | 20220722095648.6 | ||
| 041 | 0 | |a slo | |
| 044 | |a SK | ||
| 245 | 1 | 0 | |a Teoretický pohľad na kalkuláciu rizikovej prémie trhu |c Petra Gavláková |
| 520 | |a Tvorba optimálnej kapitálovej štruktúry patrí medzi strategické rozhodnutia každej firmy. Najdôležitejším kritériom vplývajúcim na tento proces sú náklady na jednotlivé druhy kapitálu – náklady vlastného a náklady cudzieho kapitálu. Teoretické priblíženie problematiky nákladov vlastného kapitálu a ich kľúčovej zložky – rizikovej prémie trhu. | ||
| 610 | 2 | 0 | |a riziko trhové |
| 610 | 2 | 0 | |a kalkulácia |
| 610 | 2 | 0 | |a portfólio |
| 610 | 2 | 0 | |a náklady |
| 610 | 2 | 0 | |a kapitál |
| 610 | 2 | 0 | |a štruktúra kapitálová |
| 100 | 1 | |a Gavláková, Petra | |